000 00867nas a2200277 4500
001 BR2012005627
003 BR-BrBNA
005 20231205120920.0
007 ta
008 230509b bl.|||p| |||| 00| 00por d
040 _aBR-BrBNA
_bpor
_cBiblioteca Nacional de Agricultura
041 _a(Pt)
072 _aH10
100 1 _aDolinski, C.
100 1 _aPinto, C.C.S.
100 1 _aRobaina, R.R.
100 1 _aBellini, L.L.
245 1 _aEfeito de substratos com diferentes classes texturais na mobilidade de Heterorhabditis baujardi 'LPP7' (Rhabditida: heterorhabditidae)
650 _aNEMATÓIDE
650 _aLARVA
650 _aINFESTAÇÃO
650 _aMORTALIDADE
773 0 _tNematologia Brasileira (Brazil)
_xISSN 0102-2997
_g(Jun 2010), v. 34(2) p. 123-129
_wBR2012005627
909 _a202311
_bLúcia
_c55
_dLúcia Elande
942 _2AGRIS
_n0
_cANA
999 _c220957
_d220957